Modalidades de compra de productos tecnológicos en el Estado costarricense: estudios de casos /

Tallennettuna:
Bibliografiset tiedot
Päätekijä: Monge Guevara, Guillermo
Yhteisötekijät: Costa Rica. Ministerio de Planificación Nacional y Política Económica, MIDEPLAN
Aineistotyyppi: Teksti
Julkaistu: San José
Tagit: Lisää tagi
Ei tageja, Lisää ensimmäinen tagi!

MARC

LEADER 00000 a a2200000 04500
001 21522
003
040
090 |a 095200  
100 |a Monge Guevara, Guillermo  
110 |a Costa Rica. Ministerio de Planificación Nacional y Política Económica  
245 |a Modalidades de compra de productos tecnológicos en el Estado costarricense: estudios de casos /  |c Costa Rica. Ministerio de Planificación Nacional y Política Económica  
260 |a San José  
300 |a 111 p  
710 |a MIDEPLAN  
999 |c 14562  |d 14562